000 00831cam a2200289 i 4500
001 2219970
003 OSt
005 20140310182045.0
008 750303s1973 enk b 000 0 eng
010 _a 75304991
015 _aGB74-28061
020 _a0140216073 :
_c£0.50
040 _aDLC
_cDLC
_dDLC
043 _ae-uk-en
050 0 0 _aDA 125.A1
_b.D889 1973
082 0 0 _aHS 305.8
_bD89 1973
100 1 _aDummett, Ann
_d1930-
_911554
245 1 2 _aA portrait of English racism /
_cAnn Dummett.
260 _aHarmondsworth :
_bPenguin,
_cc1973.
300 _a300 p. :
_c19 cm.
650 0 _aMinorities
_zEngland.
_911555
650 0 _aNational characteristics, English.
_911556
651 0 _aEngland
_xRace relations.
_911557
906 _a7
_bcbc
_corignew
_d3
_encip
_f19
_gy-gencatlg
942 _2lcc
_cHS
999 _c8866
_d8866